| 000 | 00653nam a2200265Ia 4500 | ||
|---|---|---|---|
| 008 | 171120s9999 xx 000 0 und d | ||
| 020 | _a9.7898127439e+012 | ||
| 050 | _a510 | ||
| 050 | _bE269 2010 | ||
| 100 | _aEe, Teck Ee | ||
| 245 | _aO-level additional mathematics examination notes / | ||
| 245 | _cby Ee Teck Ee. | ||
| 260 | _aSingapore : | ||
| 260 | _bSAP Group Pte Ltd., | ||
| 260 | _c2010 | ||
| 300 | _a250 pages : | ||
| 300 | _billustrations ; | ||
| 300 | _c22cm. | ||
| 440 | _aSAP. | ||
| 650 | _aMathematics -- | ||
| 650 | _aMathematics. | ||
| 650 | _xProblems, exercises, etc. | ||
| 700 | _aSeries. | ||
| 700 | _aTitle. | ||
| 999 |
_c345003 _d345003 |
||